Hope here beyond East and West; Beyond East and West

Na minha lista:
Detalhes bibliográficos
Autor principal: Iino, Norimoto
Formato: Livro
Idioma:Undetermined
Publicado em: Tokyo Japan Publications 1972
Assuntos:
Tags: Adicionar Tag
Sem tags, seja o primeiro a adicionar uma tag!
Thư viện lưu trữ: Trung tâm Học liệu Trường Đại học Cần Thơ
LEADER 00500nam a2200193Ia 4500
001 CTU_114461
008 210402s9999 xx 000 0 und d
082 |a 821 
082 |b I.25 
100 |a Iino, Norimoto 
245 0 |a Hope here beyond East and West; Beyond East and West 
245 0 |c Norimoto Iino 
260 |a Tokyo 
260 |b Japan Publications 
260 |c 1972 
650 |a Hope 
650 |x Poetry 
904 |i Giang 
980 |a Trung tâm Học liệu Trường Đại học Cần Thơ